000 01178nam0a22002651 4500
001 rc\4026775
005 20130415132459.9
035 _a(NLR Aleph) 007951762
090 _a8343595
_c8343595
100 _a20130415d1956 |||y0rusy50 ca
101 0 _arus
102 _aRU
105 _aa z |||||
200 1 _aСтанки и механизмы для производства санитарно-технических работ
_eИзделия треста "Сантехдеталь"
210 _aМосква
_cБ. и.
_d1956
215 _a[4], 29 с.
_cчерт.
_d29
225 1 _aМинистерство строительства предприятий металлургической и химической промышленности СССР. Главсантехмонтаж. Проектно-конструкторская контора. Информационное сообщение
_v№ 28 (74)
300 _aСост. указаны в предисл.
700 1 _aГелин
_bМ. М.
_4220
701 1 _aИванов
_bК. Н.
_4220
801 0 _aRU
_bNLR
_gpsbo
801 1 _aRU
_bELAR
_2rusmarc
852 _aNLR
_jП10/1307
942 _cBOOK
980 _aNB